000
002720000a22000970004500
100
1
_a
Kirkpatrick, Sherri
245
1
0
_a
Una iniciativa de los niños : Tratamiento de úlceras en las piernas
300
_a
Núm 42 (2000), Páginas 10-11
773
0
_t
Paso a paso
942
_c
ANA
999
_c
52523
_d
52523